[Event "Magnus Carlsen Chess Tour Finals Kiva"]
[Site "Online"]
[Date "2020.08.07"]
[Round "1.1"]
[White "Carlsen, Magnus"]
[Black "Ding, Liren"]
[Result "1/2-1/2"]
[WhiteElo "2881"]
[BlackElo "2836"]
[Annotator "TA"]
[PlyCount "82"]
[EventDate "2020.08.09"]
[EventType "k.o."]
[SourceTitle "playchess.com"]
[Source "ChessBase"]
[SourceQuality "1"]

{[%evp 17,82,-15,-8,-16,-9,-85,-72,-72,-56,-70,-47,-83,-81,-129,-122,-129,-128,-126,-117,-108,-119,-111,-82,-109,-106,-104,-79,-75,-85,-77,-76,-77,-58,-106,-88,-87,-86,-127,-127,-127,-121,-252,-256,-239,-235,-225,-197,-393,-390,-593,-541,-551,-551,-618,-604,-1172,-1025,-29976,-29977,-29975,-1293,-5306,0,-29970,0,-5197,0]} 1. d4 Nf6 2. Nf3 g6 3. Bf4 Bg7 4. e3 O-O 5. Be2 d6 6. h3 c5 7. Nbd2 cxd4 8. exd4 Nc6 9. c3 e5 10. dxe5 {A48: 1 d4 Nf6 2 Nf3 g6: Torre, London and Colle Systems.} dxe5 11. Bg5 (11. Nxe5 $11 Nd5 12. Nxc6 bxc6 13. Bg3) 11... h6 $17 12. Bxf6 {Black is better.} Qxf6 13. O-O {[#]} Rd8 $146 ({Predecessor:} 13... Bf5 14. Nc4 Rad8 15. Qb3 e4 16. Nh2 Qe7 17. Bg4 Bxg4 18. Nxg4 Kh7 19. Rad1 f5 {½-½ (35) Megaranto,S (2524)-Saric,I (2639) Biel 2013}) 14. Qb3 Qe7 15. Rad1 e4 16. Nh2 e3 17. Ndf3 exf2+ 18. Rxf2 Be6 19. Qa4 a6 20. Re1 b5 21. Qf4 Qc5 22. a3 Ne5 23. Bf1 {[%cal Rf3e5]} Nxf3+ ({Don't play} 23... Nd3 24. Bxd3 Rxd3 25. Ne5 $11) 24. Nxf3 Ra7 {[%cal Ba8a7,Ba7d7,Bd7d2][%mdl 32]} 25. Nd2 Rad7 26. Ne4 Qb6 27. Nf6+ Bxf6 $1 28. Qxf6 Rd2 29. Qf4 (29. b3 $17 {is a better defense.}) 29... Rxb2 $1 $19 {Threatens to win with ...Rdd2.} 30. Re3 Rxf2 31. Qxf2 Kg7 32. Qe1 $2 {[#]} (32. Rd3 {might work better.} Qc7 33. Rd4) 32... Rd1 $1 {[%mdl 576] Deflection} 33. Qxd1 (33. Qf2 {only move.} Ra1 34. Re1 Qxf2+ 35. Kxf2 Rxa3 36. Rc1) 33... Qxe3+ {[%mdl 64] Double Attack} 34. Kh2 Qxc3 35. Qd6 Bc4 36. Bxc4 bxc4 37. Qxa6 {KQ-KQ} Qe5+ 38. Kg1 Qe1+ (38... c3 $142 39. Qc4 Qe3+ 40. Kh2 g5 41. Qb5 Qe4 42. Kh1 c2 43. Qb2+ f6 44. Qc1 Qe2 45. Kh2 Qd1 46. Qe3 c1=Q 47. Qe7+ Kg6 48. Qe4+ Kf7 49. Qb7+ Ke6 50. Qe4+ Kd7 51. Qf5+ Ke7 52. Qe4+ Kd8 53. Qa8+ Kd7 54. Qb7+ Qc7+ 55. Qxc7+ Kxc7 56. Kg3 Qd3+ {[%mdl 64] Double Attack} 57. Kf2 Qxa3 58. Ke2 Qg3 59. Kd2 Kd6 60. Ke2 Ke5 61. Kd2 Kd4 62. Kc2 Kc4 63. Kd1 Qxg2 64. Kc1 Kc3 65. Kd1 Qf1#) 39. Kh2 Qe5+ (39... c3 $19 40. Qb5 Qe3) 40. Kg1 $1 Qe1+ (40... c3 $142 41. Qc4 Qe1+ 42. Kh2 Qd2 43. Qb4 g5 44. Qb7 c2 45. Qb2+ Kg6 46. Qb6+ Kh5 47. Qc6 c1=Q 48. Qf3+ Kg6 49. Qe4+ Kf6 50. h4 Qd6+ 51. g3 Qcd2+ 52. Kh3 Qf2 53. hxg5+ hxg5 54. Qg2 {[#]} g4+ $1 {[%mdl 512]} 55. Kh4 Qxg2 56. Kxg4 Qgxg3+ {[%mdl 64] Double Attack} 57. Kh5 Qh3#) 41. Kh2 Qe5+ $2 {Accuracy: White = 43%, Black = 77%.} ({Black should try} 41... c3 $19 42. Qa5 g5) 1/2-1/2

[Event "Magnus Carlsen Chess Tour Finals Kiva"]
[Site "Online"]
[Date "2020.08.07"]
[Round "1.1"]
[White "Carlsen, Magnus"]
[Black "Ding, Liren"]
[Result "1-0"]
[WhiteElo "2881"]
[BlackElo "2836"]
[Annotator "TA"]
[PlyCount "91"]
[EventDate "2020.08.09"]
[EventType "k.o."]
[SourceTitle "playchess.com"]
[Source "ChessBase"]
[SourceQuality "1"]

{[%evp 9,91,0,22,4,12,7,15,14,13,19,18,1,12,12,25,17,32,22,25,16,27,5,55,66,68,79,82,91,100,100,109,104,226,224,213,222,233,225,200,239,227,225,235,213,211,207,225,242,245,290,281,257,268,260,217,209,427,424,409,348,522,540,611,617,591,581,545,519,716,796,1424,1284,1335,1201,3002,2951,2950,1633,29966,29965,29967,29964,6303,6043]} 1. d4 Nf6 2. Nf3 d5 3. Bf4 c5 4. e3 e6 (4... Nc6 5. Be2 cxd4 6. exd4 Bg4 7. c3 e6 8. Nbd2 Bd6 9. Ne5 Bxe2 10. Qxe2 O-O 11. O-O Qc7 12. Rfe1 Nd7 13. Nxd7 Qxd7 14. Bxd6 Qxd6 15. Nb3 Rab8 16. Nc1 b5 {½-½ (36) Carlsen,M (2861)-Ding,L (2805) Abidjan 2019}) 5. c3 Bd6 6. Bd3 {D02: 1 d4 d5 2 Nf3 sidelines, including 2...Nf6 3 g3 and 2...Nf6 3 Bf4.} Bxf4 7. exf4 Qb6 {Threatens to win with ...c4.} 8. Qc2 {The position is equal.} cxd4 9. Nxd4 Nc6 10. Nf3 {[#]} O-O $146 ({Predecessor:} 10... Bd7 11. Nbd2 Rc8 12. Qb3 Qc7 13. g3 O-O 14. O-O b6 15. Rfe1 Na5 16. Qd1 Nc4 17. Nxc4 dxc4 {0-1 (28) Fernandez Rodriguez,J (1442)-Sotoca Aguado,J (1865) Mostoles 2019}) 11. O-O Bd7 12. Nbd2 Rac8 {...Nb4! is the strong threat.} 13. a3 Rfd8 14. Rfe1 h6 15. Ne5 Nxe5 16. fxe5 Ne8 17. Nf3 Bb5 {next ...Bxd3 is good for Black.} 18. Bh7+ Kh8 19. a4 Ba6 20. Qb1 $40 {[%mdl 128] White is out for blood.} g6 {[#] This costs Black the game.} (20... Qc7 $16 {was necessary.}) 21. Bxg6 $1 $18 {[%mdl 512]} fxg6 22. Qxg6 Qc7 23. Qxh6+ Qh7 24. Qxh7+ Kxh7 25. Ng5+ {[%mdl 64] Double Attack} Kg8 26. Nxe6 Rd7 27. Re3 Ng7 28. Nd4 $1 Rf8 29. e6 Re7 30. g4 b6 31. Rae1 Bc8 32. Kg2 Rfe8 $2 (32... Rf6 33. Kg3 Rg6) 33. Kg3 Bxe6 34. h4 Kf8 (34... Kf7 {might work better.} 35. h5 Rg8) 35. h5 Bg8 {intending ...Rxe3+.} 36. Rxe7 Rxe7 37. Rxe7 Kxe7 38. Kf4 Ne6+ 39. Nxe6 Bxe6 {[%mdl 4096] Endgame KB-KP} 40. Kg5 Kf7 41. a5 bxa5 42. f4 Kg7 43. f5 Bd7 44. h6+ Kh7 {[#]} 45. Kf6 $1 {[%cal Rf6e7]} Kxh6 {[#]} 46. Ke7 $1 {Accuracy: White = 98%, Black = 61%.} 1-0

[Event "Magnus Carlsen Chess Tour Finals Kiva"]
[Site "Online"]
[Date "2020.08.07"]
[Round "1.1"]
[White "Ding, Liren"]
[Black "Carlsen, Magnus"]
[Result "1-0"]
[WhiteElo "2836"]
[BlackElo "2881"]
[Annotator "TA"]
[PlyCount "87"]
[EventDate "2020.08.09"]
[EventType "k.o."]
[SourceTitle "playchess.com"]
[Source "ChessBase"]
[SourceQuality "1"]

{[%evp 12,87,10,7,28,26,33,27,46,15,41,14,44,32,24,20,51,53,56,68,56,33,43,42,50,46,108,108,104,114,125,121,122,128,145,123,137,133,144,133,135,136,146,144,146,163,163,160,215,182,209,191,224,220,293,204,279,278,272,272,255,255,345,322,393,391,401,365,439,408,389,373,452,460,681,569,569,569]} 1. e4 c5 2. Nf3 d6 3. d4 cxd4 4. Nxd4 Nf6 5. Nc3 a6 6. f3 e6 7. Be3 h5 {B80: Sicilian Scheveningen: 6 g3 and 6 Be3, including English Attack.} 8. Qd2 Be7 9. O-O-O b5 {White has an edge.} 10. a3 $5 {[%mdl 4] [#] Leaves trodden paths.} Bd7 $146 ({Predecessor:} 10... Bb7 11. Kb1 Nbd7 12. Qe1 Rc8 13. Be2 g6 14. Nb3 d5 15. exd5 Nxd5 16. Bd4 O-O 17. Nxd5 Bxd5 {½-½ (41) Aryan,C (2430)-Arribas Lopez,A (2536) Madrid 2015}) 11. Kb1 Nc6 12. Nxc6 Bxc6 13. Bf4 {[%cal Rf4d6]} e5 14. Bg5 Qb6 15. Bxf6 Bxf6 16. Nd5 Bxd5 $1 17. Qxd5 {[%mdl 64] Double Attack} Ke7 18. c4 {[%cal Rc4b5]} Rac8 {White leaves nothing to chance now.} (18... Rhb8 $14) 19. cxb5 $16 Rc5 20. Qb3 axb5 21. a4 Rhc8 22. Bxb5 Bg5 23. Rd3 h4 24. Rhd1 Rc1+ 25. Ka2 Rxd1 26. Rxd1 $40 {[%mdl 128] Black is in trouble.} Bf4 27. h3 Be3 28. Bc4 Qxb3+ 29. Kxb3 $18 {[%mdl 4096] Endgame KRB-KRB} (29. Bxb3 Ra8 $16) 29... Bd4 (29... f5 $16 30. exf5 Bd4) 30. Rd2 f5 31. Rc2 ({Resist} 31. exf5 Kf6 $16) 31... fxe4 32. fxe4 Kf6 33. Bb5 Rb8 34. Kb4 Kg5 35. a5 {[%cal Ba4a5,Ba5a6][%mdl 32]} Kf4 {[#]} 36. Re2 $1 Rc8 37. a6 Bc5+ 38. Ka5 Ba7 39. b3 {[%cal Bb2b3,Bb3b4][%mdl 32]} Rc1 40. Bc4 Ra1+ 41. Kb5 Rb1 42. Kc6 {White is clearly winning.} Bc5 (42... Ra1 $142 43. Kxd6 g5) 43. Kb7 Ra1 {[#]} 44. b4 $1 {[%mdl 576] Promotion. Accuracy: White = 87%, Black = 54%.} 1-0

[Event "Magnus Carlsen Chess Tour Finals Kiva"]
[Site "Online"]
[Date "2020.08.07"]
[Round "1.1"]
[White "Nakamura, Hikaru"]
[Black "Dubov, Daniil"]
[Result "1-0"]
[WhiteElo "2829"]
[BlackElo "2770"]
[Annotator "TA"]
[PlyCount "115"]
[EventDate "2020.08.09"]
[EventType "k.o."]
[SourceTitle "playchess.com"]
[Source "ChessBase"]
[SourceQuality "1"]

{[%evp 18,115,40,28,34,21,40,47,39,30,56,27,40,0,0,0,0,0,0,0,27,10,7,11,28,8,37,16,33,19,25,0,0,0,0,-17,-14,-36,-24,-23,0,0,0,-1,-3,-11,-10,0,-9,-20,14,14,14,4,112,104,107,97,104,95,107,116,279,275,362,358,472,458,659,643,673,673,1056,1075,1025,1072,1073,1068,1066,1058,1004,686,560,0,972,967,1365,1278,29957,29939,5189,2750,29984,29985,29985,29970,29979,29981,29990,29991]} 1. e4 c5 2. Nf3 Nc6 3. d4 cxd4 4. Nxd4 Nf6 5. Nc3 d6 6. Bg5 Bd7 7. f3 a6 8. Qd2 e6 9. O-O-O Nxd4 10. Qxd4 h6 {[#] B67: Sicilian: Richter-Rauzer: 7...a6 8 0-0-0 Bd7, lines without 9 f4 Be7.} 11. Bd2 $1 $146 {[%mdl 8] A top novelty.} ({Predecessor:} 11. Bh4 Rc8 12. Kb1 Be7 13. g4 b5 14. Bg3 e5 15. Qe3 Qc7 16. Bd3 Be6 17. h4 Qa5 18. g5 {1-0 (60) Robson,R (2667)-Caruana,F (2828) chess.com INT 2019}) 11... Bc6 12. Bd3 Be7 {White is slightly better.} 13. Kb1 b5 14. g4 Nd7 15. h4 (15. Ne2 {is interesting.} Ne5 16. Bc3 Ng6 17. f4 e5 18. fxe5 dxe5 19. Qf2) 15... Qb6 16. Ne2 Qxd4 17. Nxd4 Bb7 $1 18. Nb3 Rb8 19. Bf4 Ne5 20. Be2 f6 21. h5 Kf7 22. Rhe1 Rhd8 23. Bg3 Rbc8 24. Bf2 d5 25. f4 Nc4 26. exd5 Bxd5 27. Bd3 Bf3 28. Bg6+ Kg8 29. Rxd8+ Rxd8 30. Nd4 $1 $132 {[%cal Rd4f3][%mdl 2048] White has counterplay} Bxg4 {With the idea ...Bc5.} 31. Nc6 Rd7 {Hoping for ...Bd6.} 32. Nxe7+ Rxe7 33. b3 Nd2+ 34. Kc1 Rd7 $1 35. Re3 {[#] Black must now prevent Rc3.} b4 (35... Rd8 $11) 36. Be1 $16 {White stays focused until the end.} Nf3 37. Bxb4 Nh4 38. Bd3 Rd4 39. Bc5 Rxf4 $2 {[#]} (39... Rd5 $16 {is a better defense.}) 40. Bxa6 $18 e5 41. a4 Bxh5 42. Bb7 Nf5 (42... Rf1+ $142 43. Kb2 Nf5) 43. Re1 Bf3 44. Bxf3 Rxf3 {[%mdl 4096] Endgame KRB-KRN} 45. a5 Rc3 46. b4 Nd4 47. Bxd4 exd4 {KR-KR} 48. Kb2 Rc4 49. Kb3 Rc3+ 50. Kb2 (50. Ka2 $142 Rxc2+ 51. Kb3 Rc3+ 52. Ka4) 50... Rc4 $1 51. Re8+ Kf7 52. Rb8 Ke6 53. a6 Rc7 54. b5 {[%cal Bb4b5,Bb5b6][%mdl 32]} Kd7 55. b6 {White mates.} Rc5 56. a7 Rb5+ 57. Kc1 h5 58. a8=Q {Accuracy: White = 91%, Black = 62%.} 1-0

[Event "Magnus Carlsen Chess Tour Finals Kiva"]
[Site "Online"]
[Date "2020.08.07"]
[Round "1.1"]
[White "Nakamura, Hikaru"]
[Black "Dubov, Daniil"]
[Result "0-1"]
[WhiteElo "2829"]
[BlackElo "2770"]
[Annotator "TA"]
[PlyCount "126"]
[EventDate "2020.08.09"]
[EventType "k.o."]
[SourceTitle "playchess.com"]
[Source "ChessBase"]
[SourceQuality "1"]

{[%evp 18,126,23,0,0,0,0,-25,0,0,0,0,22,16,7,10,28,31,25,6,3,3,4,0,0,0,0,-27,-24,-23,-23,-23,-23,-23,-16,-16,-18,-27,-20,-27,-26,-21,-20,-20,-16,-24,-35,-49,-49,-47,-33,-26,-23,-33,-33,-51,-69,-97,-44,-44,-41,-59,-51,-74,-74,-71,-66,-70,-70,-61,-47,-86,-93,-170,-131,-170,-167,-162,-147,-274,-278,-261,-270,-372,-366,-367,-337,-458,-458,-402,-268,-261,-260,-1505,-1505,-1505,-1468,-1491,-1489,-1505,-1468,-1378,-1370,-1367,-1207,-1342,-1300,-1269,-1159,-898,-898]} 1. e4 c5 2. Nf3 d6 3. d4 cxd4 4. Nxd4 Nf6 5. Nc3 Nc6 6. g3 g6 7. Bg2 Nxd4 8. Qxd4 Bg7 9. O-O O-O 10. Qd1 Bg4 {B70: Sicilian Dragon: 6 g3 and 6 Be2 (without a later Be3).} 11. Qd2 Rc8 12. h3 Be6 {Black has an edge.} 13. Nd5 {[#]} Qd7 $146 ({Predecessor:} 13... Nd7 14. c3 Ne5 15. Qe2 Re8 16. Kh2 Qa5 17. Bf4 Bd7 18. a4 e6 19. Nb4 Nc4 {1-0 (74) Quparadze,G (2498)-Shanava,K (2540) Tbilisi 2017}) 14. Kh2 Rc4 15. Qe2 Rfc8 16. c3 b5 17. a3 h5 18. Bg5 Bxd5 19. exd5 Qf5 20. h4 Ng4+ 21. Kg1 Bf6 22. Rae1 (22. f3 {looks sharper.} Ne5 23. f4 Ng4 24. Rae1 Bxc3 25. bxc3 Rxc3 26. Rf3) 22... Bxg5 23. hxg5 Qxg5 24. Qxe7 Qxe7 25. Rxe7 R4c7 26. Re4 $1 Ne5 27. f4 Ng4 28. Rfe1 Nf6 29. Rd4 Rb8 30. Bf1 Kf8 31. Red1 Re7 32. Rb4 Re3 33. Kg2 a6 34. a4 Ne4 35. axb5 axb5 36. Bd3 Nxg3 37. c4 h4 (37... Ne4 $17 {White must now prevent ...h4.} 38. cxb5 Nf6) 38. cxb5 $15 Nh5 39. Kf2 Rh3 $1 $36 {[%mdl 2048] Black has good play.} 40. b6 Nf6 41. Be2 Rh2+ 42. Kf3 $1 Nd7 $1 43. b7 Nc5 44. Ra1 {And now Ra8 would win.} Rxb7 {White is on the road to losing.} 45. Ra8+ (45. Rxb7 $17 {keeps fighting.} Nxb7 46. b4) 45... Kg7 $19 46. Rxb7 Nxb7 $17 {[%mdl 4096] Endgame KRB-KRN} 47. b4 {[#]} Rh3+ $1 48. Kg2 (48. Kg4 $17 {was the only chance.} Rb3 49. Ba6 Rxb4 50. Rb8 f5+ 51. Kh3 Rxf4 52. Rxb7+ Kf6 53. Rd7) 48... Rg3+ $19 49. Kh2 Rb3 50. Ba6 Rxb4 51. Rb8 {[#]} Rb6 $1 52. Bxb7 {and the idea Kh3 leaves White hopeful. KRB-KR} Rb3 53. Kg2 Kf6 54. Kh2 h3 55. Rd8 $2 (55. Kh1) 55... Rxb7 {Black is clearly winning.} 56. Kxh3 {KR-KR} Kf5 57. Rxd6 Kxf4 58. Rd8 Rb3+ 59. Kg2 Ke5 60. Rd7 f5 61. Rd8 Rb6 62. Kg3 {[#]} Rd6 $1 63. Rg8 Kf6 {Accuracy: White = 71%, Black = 94%.} 0-1

[Event "Magnus Carlsen Chess Tour Finals Kiva"]
[Site "Online"]
[Date "2020.08.07"]
[Round "1.1"]
[White "Dubov, Daniil"]
[Black "Nakamura, Hikaru"]
[Result "1/2-1/2"]
[WhiteElo "2770"]
[BlackElo "2829"]
[Annotator "TA"]
[PlyCount "86"]
[EventDate "2020.08.09"]
[EventType "k.o."]
[SourceTitle "playchess.com"]
[Source "ChessBase"]
[SourceQuality "1"]

{[%evp 26,86,14,-37,7,-7,-6,-4,-4,-6,0,0,0,-9,17,18,17,17,15,14,16,13,5,3,4,4,10,6,9,9,8,3,3,3,3,3,3,6,8,0,0,0,0,0,0,0,0,0,0,0,0,0,0,0,0,0,0,0,0,0,0,0,0]} 1. d4 Nf6 2. c4 e6 3. Nf3 d5 4. g3 Be7 5. Bg2 O-O 6. O-O dxc4 7. Qc2 a6 8. Qxc4 b5 9. Qc2 Bb7 10. Bg5 Nbd7 11. Bxf6 Nxf6 12. Nbd2 Rc8 13. Nb3 Be4 14. Qc1 (14. Qc3 $11) 14... Qd5 {[#] E05: Open Catalan: 5 Nf3 Be7.} (14... c5 $5) 15. Nbd2 $146 {The position is equal.} (15. Rd1 {is more complex.} Qa8 16. Nc5 Bd5 17. a4 b4 18. Ne1) ({Predecessor:} 15. Rd1 Rfd8 16. Nc5 Bxc5 17. Qxc5 Qb7 18. Rac1 Rd5 19. Qc6 Qxc6 20. Rxc6 Rd6 21. Rcc1 Kf8 22. Ne5 Bxg2 23. Kxg2 {½-½ (32) Sarakauskas,G (2437)-Dervishi,E (2489) Venice 2005}) 15... c5 16. Nxe4 Qxe4 17. Qd2 Rfd8 {[%cal Rc5d4]} 18. Rfd1 Qb7 19. Qa5 Qa7 {[%cal Rc5d4]} 20. Ne5 {Hoping for Nc6.} Rd6 21. dxc5 Qxc5 22. Nd3 Qc7 23. Qxc7 Rxc7 24. Rac1 Rdd7 25. Bc6 Rd8 26. Bf3 Rdc8 27. Bb7 Rxc1 28. Rxc1 Rxc1+ 29. Nxc1 $11 {[%mdl 4096] Endgame KBN-KBN} a5 30. Bc6 b4 31. Nb3 Bd8 32. Nc5 Bb6 33. Nd7 Nxd7 34. Bxd7 {KB-KB} Bd4 35. b3 Bb6 36. e3 Kf8 37. Ba4 Ke7 38. Kf1 Ba7 39. Ke2 Kd6 40. Bb5 Bb6 41. Ba4 Ba7 42. Bb5 Bb6 43. Ba4 Ba7 {A rather calm draw. Accuracy: White = 100%, Black = 91%.} 1/2-1/2

[Event "Magnus Carlsen Chess Tour Finals Kiva"]
[Site "Online"]
[Date "2020.08.07"]
[Round "1.2"]
[White "Carlsen, Magnus"]
[Black "Ding, Liren"]
[Result "1/2-1/2"]
[WhiteElo "2881"]
[BlackElo "2836"]
[Annotator "TA"]
[PlyCount "69"]
[EventDate "2020.08.09"]
[EventType "k.o."]
[SourceTitle "playchess.com"]
[Source "ChessBase"]
[SourceQuality "1"]

{[%evp 19,69,27,29,14,32,18,29,31,23,32,97,27,51,19,16,14,10,17,16,13,19,25,15,0,22,29,23,29,31,18,47,23,89,89,75,68,92,0,62,65,59,72,72,70,135,117,106,0,142,0,110,0]} 1. d4 Nf6 2. c4 g6 3. Nc3 Bg7 4. e4 O-O 5. Nf3 d6 6. Be2 Na6 7. O-O e5 8. Be3 c6 9. dxe5 dxe5 10. Qxd8 Rxd8 11. Rfd1 {E94: King's Indian: Classical: 6 Be2 e5 7 0-0: Various Black 7th moves.} Re8 12. c5 Bf8 13. Bxa6 {White has an edge.} bxa6 14. h3 Rb8 {[#]} ({Black should try} 14... a5 $14) 15. b3 $146 ({Better is} 15. Nxe5 $1 $16 Rxe5 16. Bf4) ({Predecessor:} 15. Nxe5 Rxe5 16. Bf4 Nd7 17. Rxd7 Bxd7 18. Bxe5 Rb7 19. Bd4 Rxb2 {1-0 (28) Kolanek,R (2078)-Herzog,K (1841) LSS email 2011}) 15... Nd7 16. Nd2 (16. Na4 {with more complications.} f5 17. Re1 Rb4 18. exf5 gxf5 19. Rad1) 16... Bxc5 17. Bxc5 Nxc5 18. Nc4 Be6 {Black wants to play ...Bxc4.} 19. Na5 Rec8 20. Rac1 Kf8 21. f3 Ke7 22. Ne2 $36 {[%mdl 2048] White is more active.} Rb5 23. b4 $1 Na4 24. Nxc6+ Kf6 25. a3 Nb2 (25... Rb7 $11 {remains equal.}) 26. Nxa7 $16 Rxc1 27. Rxc1 Rb7 28. Nc8 (28. Nc6 $16) 28... Rb8 (28... Nc4 $11) 29. Nd6 $14 Ke7 30. Rc2 $1 Nd3 {[#]} 31. Nc4 $1 Ne1 (31... Rc8 $14 32. Ne3 Rxc2 33. Nxc2 f5) 32. Rc1 ({Worse is} 32. Nxe5 Nxc2 33. Nc6+ Kd6 $17) 32... Nd3 33. Rc2 Ne1 $1 {[%cal Re1c2]} 34. Rc1 ({And not} 34. Nxe5 Nxc2 35. Nc6+ Kd6 $17) 34... Nd3 35. Rc2 {Accuracy: White = 76%, Black = 75%.} (35. Rc3 $16 Rc8 36. Ne3 (36. Rxd3 Rxc4 37. Nc3 Bd7 $16) 36... Rxc3 37. Nxc3) 1/2-1/2

[Event "Magnus Carlsen Chess Tour Finals Kiva"]
[Site "Online"]
[Date "2020.08.07"]
[Round "1.2"]
[White "Carlsen, Magnus"]
[Black "Ding, Liren"]
[Result "1-0"]
[WhiteElo "2881"]
[BlackElo "2836"]
[Annotator "TA"]
[PlyCount "47"]
[EventDate "2020.08.09"]
[EventType "k.o."]
[SourceTitle "playchess.com"]
[Source "ChessBase"]
[SourceQuality "1"]

{[%evp 9,47,0,6,-2,10,0,6,20,14,13,13,0,0,-14,25,0,24,27,23,22,33,25,65,68,81,58,66,64,114,68,336,315,313,305,389,380,403,404,390,364]} 1. d4 Nf6 2. Nf3 d5 3. Bf4 c5 4. e3 e6 (4... Nc6 5. Be2 cxd4 6. exd4 Bg4 7. c3 e6 8. Nbd2 Bd6 9. Ne5 Bxe2 10. Qxe2 O-O 11. O-O Qc7 12. Rfe1 Nd7 13. Nxd7 Qxd7 14. Bxd6 Qxd6 15. Nb3 Rab8 {½-½ (36) Carlsen,M (2861)-Ding,L (2805) Abidjan 2019}) 5. c3 Bd6 6. Nbd2 {D02: 1 d4 d5 2 Nf3 sidelines, including 2...Nf6 3 g3 and 2...Nf6 3 Bf4.} cxd4 {[#]} 7. Bxd6 $146 {[#] Hoping for Ba3.} (7. Nxd4 $2 e5 $19) ({Predecessor:} 7. cxd4 Bxf4 8. exf4 Qb6 9. Qb3 Qd6 10. g3 Nc6 11. Be2 Ne4 12. Rd1 O-O 13. O-O {½-½ (39) Hruskovic,M (2110)-Zagrapan,P (2060) Slovakia 1994}) 7... dxe3 8. Ba3 {The position is equal.} exd2+ 9. Qxd2 Nc6 10. Qg5 Rg8 11. Bd3 h6 12. Qe3 Qb6 13. Qe2 Bd7 14. O-O O-O-O 15. b4 {[%cal Bb2b4,Bb4b5][%mdl 1056] White has compensation.} Kb8 16. b5 Na5 17. Ne5 Be8 18. Bb4 Rc8 19. a4 Ne4 $2 {[%mdl 8192] Now Black is done in.} (19... Qc7 $14) 20. Bxe4 $18 dxe4 21. Qxe4 f6 22. Qh7 {White is winning.} Nb3 23. Qxg8 Nxa1 {[#]} 24. Qxe8 $1 {[%mdl 512] Accuracy: White = 94%, Black = 58%.} 1-0

[Event "Magnus Carlsen Chess Tour Finals Kiva"]
[Site "Online"]
[Date "2020.08.07"]
[Round "1.2"]
[White "Ding, Liren"]
[Black "Carlsen, Magnus"]
[Result "0-1"]
[WhiteElo "2836"]
[BlackElo "2881"]
[Annotator "TA"]
[PlyCount "71"]
[EventDate "2020.08.09"]
[EventType "k.o."]
[SourceTitle "playchess.com"]
[Source "ChessBase"]
[SourceQuality "1"]

{[%evp 11,71,13,22,12,13,11,24,11,29,20,18,19,16,20,29,0,5,-7,0,0,0,-98,17,4,49,44,56,41,51,37,42,35,74,74,81,21,31,39,16,20,10,12,100,-6,-6,-40,-41,-44,-6,-43,-60,-59,-38,-40,-40,-41,-34,-43,-35,-147,-146,-175]} 1. e4 e5 2. Nf3 Nc6 3. Bc4 Bc5 4. O-O Nf6 5. d3 d6 6. c3 a6 7. Re1 {Recently 7.a4 got a lot of attention. C54: Giuoco Piano: 4 c3 Nf6, main lines with 5 d4 and 5 d3.} h6 8. a4 O-O 9. Nbd2 {White has an edge.} Re8 (9... a5 {with more complications.} 10. Bb3 Ng4 11. Re2 Nf6 12. Nf1 Nh5) 10. h3 Be6 11. Bxe6 Rxe6 12. b4 Ba7 13. Bb2 (13. Qc2 Qd7 14. Nf1 d5 15. Be3 Bxe3 16. Nxe3 Ne7 17. a5 Ng6 18. g3 Rd8 19. Kg2 Qc6 20. Nf5 Ne7 21. Nxe7+ Rxe7 {1-0 (33) Ding,L (2791)-Carlsen,M (2863) chess24.com INT 2020}) 13... Ne7 14. c4 {[#]} a5 $5 $146 {[%mdl 8] An interesting novelty.} ({Predecessor:} 14... Ng6 15. Nf1 b5 16. axb5 axb5 17. Ng3 bxc4 18. dxc4 Re8 19. Qc2 Qb8 20. Reb1 Qb7 {½-½ (43) Radjabov,T (2757)-Kramnik,V (2777) Wijk aan Zee 2019}) 15. bxa5 Nc6 16. Bc3 {[#]} (16. Nb3 $11) 16... Nd7 (16... Nh5 $1 $17 {Hoping for ...Rg6.} 17. Qb1 Rg6 18. Qxb7 Nf4 {[%mdl 64] Double Attack}) 17. Rb1 $11 Nc5 18. Nf1 Rg6 19. Ne3 Ne6 20. Nd5 Rb8 21. Rb2 Ng5 22. Nxg5 Qxg5 {[%csl Gg6][%cal Rg5g2]} 23. Qf3 ({Better is} 23. Ne3 $16) 23... Bd4 $1 24. Reb1 Bxc3 25. Nxc3 {Threatening Nd5.} Nxa5 26. Nd5 Nc6 (26... Qd8 $1 $11) 27. Ne3 ({Don't go for} 27. Nxc7 $2 Nd4 $19) ({Not} 27. Rxb7 $2 Rxb7 28. Ra1 (28. Rxb7 $2 {too greedy.} Nd4 $19) 28... Rb2 $19) (27. g3 $16) 27... b6 28. Nf5 Ra8 29. h4 Qf4 {And now ...Qxf3 would win.} 30. Qxf4 (30. Qd1 {seems wilder.} Qg4 31. f3 Qf4 32. Ra2 Kf8 33. a5) 30... exf4 31. d4 Rxa4 32. d5 Ne5 {Threatens to win with ...Rg4.} 33. Ne7+ {[%mdl 64] [#] Double Attack} Kh7 {aiming for ...Rg4.} 34. Nxg6 Kxg6 35. c5 ({White should play} 35. Rc2 $15) 35... bxc5 $17 36. Rb8 {Accuracy: White = 69%, Black = 74%.} 0-1